Bonjour, au revoir - Statistiques

Statistiques générales
  • Ce quiz a été pris 208 fois
  • Le résultat moyen est 5 sur 10
Statistiques - réponses
Hint Explanation Réponse % Correct
Salut les Terriens ! Émission de télévision française présentée par Thierry Ardisson de 2006 à 2019 Thierry Ardisson
80%
"Au revoir." Locution restée célèbre qui clôt son dernier discours télévisé en tant que président Valéry Giscard d'Estaing
79%
"Bonsoir Paris !" Débute ses vidéos par cette sentence Bilal Hassani
68%
Bonjour tristesse Roman de 1954 Françoise Sagan
56%
"Salut mon pote !" À l'antenne le 6 décembre 2017 à destination de son ami Johnny Hallyday décédé la veille Michel Drucker
55%
Salut les Musclés Série télévisée de 1989 à 1994 dans laquelle joue Bernard Minet Bernard Minet
54%
Adieu les cons Film de 2020 Albert Dupontel
53%
Bonne nuit les petits Série télévisée pour la jeunesse créée en 1962 dans laquelle Brigitte Lecordier prête sa voix à Nicolas Brigitte Lecordier
47%
Coucou me revoilou Album de 1978 Michel Polnareff
30%
Salut les copains Chanson de 1957 éponyme d'une émission de radio et d'un album de Johnny Hallyday Gilbert Bécaud
20%
Aucun quiz correspondant
Distribution des résultats
% des personnes avec chaque résultat
Percentile par nombre de réponses
Votre historique - résultats
Vous n’avez pas pris ce quiz